Library of the University of Algiers 3
Ibrahim Sultan Cheibout
شعار جامعة الجزائر 3
مكتبة جامعة الجزائر 3
إبراهيم سلطان شيبوط

المبادئ العامة في القانون التجاري / (رقم التسجيلة. 45350)

تفاصيل مارك
000 -LEADER
fixed length control field 01601nam a2200205Ia 4500
003 - CONTROL NUMBER IDENTIFIER
control field Ost
005 - DATE AND TIME OF LATEST TRANSACTION
control field 20260507075638.0
008 - FIXED-LENGTH DATA ELEMENTS--GENERAL INFORMATION
fixed length control field 260507s9999||||xx |||||||||||||| ||und||
040 ## - CATALOGING SOURCE
Transcribing agency fsecg
041 ## - LANGUAGE CODE
Language code of text/sound track or separate title ara
082 ## - DEWEY DECIMAL CLASSIFICATION NUMBER
Classification number 346.07
100 ## - MAIN ENTRY--PERSONAL NAME
Personal name محمدين، جلال وفاء
Relator term مؤلف
245 #0 - TITLE STATEMENT
Title المبادئ العامة في القانون التجاري /
Statement of responsibility, etc. جلال وفاء محمدين
260 ## - PUBLICATION, DISTRIBUTION, ETC.
Place of publication, distribution, etc. الاسكندرية:
Name of publisher, distributor, etc. الدار الجامعية,
Date of publication, distribution, etc. [د.ت.]
300 ## - PHYSICAL DESCRIPTION
Extent 408 صفحة؛
Other physical details إيضاحات ؛
Dimensions 24 سم
520 ## - SUMMARY, ETC.
Summary, etc. يتناول هذا الكتاب المبادىء العامة في القانون التجاري في الموضوعات نظرية الأعمال التجارية والتاجر والشركات التجارية ماهية القانون التجاري ، موضوعات في القانون التجاري ،في تطوير القانون التجاري -نظرية الأعمال التجارية ،في مضمون العمل التجاري،الأعمال التجارية الموضوعية ،الأعمال التجارية التبعية المختلطة،أهمية التمييز بين الأعمال -نظرية التاجر،في اكتساب صفة التاجر ،التزامات التجار -الشركات ،الأحكام العامة ،عقد النقل ،التوسط التجاري-عمليات البنوك ،الحساب التجاري ،عقد فتح الاعتماد البسيط والمستندي ،النقل البحري
653 ## - INDEX TERM--UNCONTROLLED
Uncontrolled term القانون
653 ## - INDEX TERM--UNCONTROLLED
Uncontrolled term القانون التجاري
942 ## - ADDED ENTRY ELEMENTS (KOHA)
Koha item type كتب
المقتنيات
Withdrawn status Lost status Source of classification or shelving scheme Damaged status Not for loan Home library Current library Date acquired Serial enumeration / chronology Inventory number Total checkouts Full call number Barcode Date last seen Price effective from Koha item type
    Dewey Decimal Classification   NOT LOAN / إعارة داخلية مكتبة كلية العلوم الإقتصادية والعلوم التجارية وعلوم التسيير مكتبة كلية العلوم الإقتصادية والعلوم التجارية وعلوم التسيير 07/05/2026 الطابق الأرضي 823/1   أ/823ن1 823/1 07/05/2026 07/05/2026 كتب

موارد الويب المفتوحة


© University of Algiers 3 All Rights Reserved
|
Implemented by LECHELAH Riad